| 000 | 00735nam a2200181 4500 | ||
|---|---|---|---|
| 005 | 20230911122422.0 | ||
| 010 | _aHIN-125809 | ||
| 020 | _c200.00 | ||
| 035 | _aHN-98155 | ||
| 037 | _bDBAD/PUB | ||
| 082 | _aउ | ||
| 100 |
_aविक्रमादित्य, कुमार _956198 |
||
| 245 |
_aमास्टरबा/ _cकुमार विक्रमादित्य |
||
| 260 |
_aउत्तर प्रदेश _bअंजुमन प्रकाशन _c2021 |
||
| 270 |
_a942, मुट्ठीगंज ,प्रयागराज _bउत्तर प्रदेश _mcontact@anjumanpublication.com |
||
| 300 |
_a191 p (अजिल्द) _c22cm(pbk) |
||
| 942 |
_2ddc _cHN _hउ _mविक्रम |
||
| 999 |
_c197839 _d197839 |
||